Municipalities of Kenosha County, Wisconsin - Statistics

General Stats
  • This quiz has been taken 107 times
    106 since last reset
  • The average score is 7 of 18
Answers on the Map
Answers color-coded by a green-red scale on the quiz's map according to % correct below.
 
Answer Stats
Answer % Correct
City of Kenosha
100%
Village of Pleasant Prairie
84%
Town of Somers
68%
Village of Bristol
68%
Village of Somers
68%
Village of Twin Lakes
44%
Village of Paddock Lake
40%
Census Designated Place of Wilmot
36%
Village of Salem Lakes
36%
Census Designated Place of Powers Lake
28%
Village of Genoa City
28%
Town of Paris
24%
Town of Wheatland
24%
Town of Randall
20%
Census Designated Place of Lily Lake
16%
Census Designated Place of New Munster
16%
Town of Brighton
16%
Census Designated Place of Camp Lake
12%
No matching quizzes found
Score Distribution
Percent of People with Each Score
Percentile by Number Answered
Your Score History
You have not taken this quiz since the last reset